Física : repasa con esquemas /
Guardado en:
| Autor Principal: | |
|---|---|
| Otros Autores: | , |
| Formato: | Libro |
| Publicado: |
Madrid :
Oxford Educación,
1997
|
| Series: | Biblioteca de Recursos
|
| Materias: | |
| Etiquetas: |
Agregar Etiqueta
Sin Etiquetas, Sea el primero en etiquetar este registro!
|
| LEADER | 01049nam a22002415a 4500 | ||
|---|---|---|---|
| 001 | CEM.cems010176 | ||
| 005 | 20080605084152.0 | ||
| 008 | 130507s1997##################000#0#####d | ||
| 003 | CEMS | ||
| 020 | |a 848104170X | ||
| 082 | 0 | 4 | |a 530 |
| 100 | 1 | |a Arnold, Brian | |
| 245 | 1 | 0 | |a Física : |b repasa con esquemas / |c Brian Arnold, Juan Méndez ; coordinadora Científica Isabel Píñar |
| 260 | |a Madrid : |b Oxford Educación, |c 1997 | ||
| 300 | |a 72 p. | ||
| 490 | 0 | |a Biblioteca de Recursos | |
| 505 | 0 | |a Energía -- Recursos energéticos -- Radiación -- Teoría cinética -- Leyes de los gases -- Fuerzas -- Masa, peso y densidad -- Presión -- Sonidos -- Propiedades de las ondas -- Electricidad - Reflexión de la luz -- Fuerzas electromagnéticas -- Estructura atómica -- Isópotos radiactivos -- Energía nuclear | |
| 653 | |a Física | ||
| 653 | |a Física-polimodal | ||
| 653 | |a Física-educación secundaria básica | ||
| 700 | 1 | |a Méendez, Juan | |
| 700 | 1 | |a Píñar, Isabel, coord. | |
| 859 | |a CEMS |b BIB. CEMS - 11 de abril |h 530 |i Ar64 |p 20663.99 |t Ej.1 | ||
